Statistics for A piggy quiz

Click here to take the quiz!

General Stats

  • This quiz has been taken 355 times
    (321 since last reset)
  • The average score is 7 of 15

Answer Stats

QuestionAnswer% Correct
What animal is badgy?A badger
88%
What is billy's weapon?A jackhammer
81%
In the piggy game, what is your job?A police officer
80%
Can the infected talk?No
79%
What colour eyes does poley have?Blue
76%
How many chapters are in piggy?12 but distorted memory used to be available
56%
What game is piggy a crossover with?Jailbreak
54%
What was the name of the april fool's joke chapter?Gurt-chapter ?
49%
Is grandpa piggy in the game?No
45%
How many people have achieved chapter 12 true ending?Around 100,000
42%
How evil is Mr. P?Neutral good
27%
When was piggy created?1/22/2020
22%
How many piggy skins are in the normal piggy game? (All purchasable skins including poley and mr. P)35
22%
Who has the pickle rick skin?Minitoon and evelyn
14%
How many non-canon skins are there? (According to minitoon)1
10%

Score Distribution

Percentile by Number Answered

Percent of People with Each Score

Your Score History

You have not taken this quiz since the last reset